Top science examination papers 3 (Record no. 293676)
[ view plain ]
| 000 -LEADER | |
|---|---|
| fixed length control field | 00439nam a22001577a 4500 |
| 003 - CONTROL NUMBER IDENTIFIER | |
| control field | SISC |
| 005 - DATE AND TIME OF LATEST TRANSACTION | |
| control field | 20160510141426.0 |
| 008 - FIXED-LENGTH DATA ELEMENTS--GENERAL INFORMATION | |
| fixed length control field | 160510b xxu||||| |||| 00| 0 eng d |
| 020 ## - INTERNATIONAL STANDARD BOOK NUMBER | |
| International Standard Book Number | 9789814395885 |
| 050 ## - LIBRARY OF CONGRESS CALL NUMBER | |
| Classification number | Q 4357 .C518p4 2012 |
| 100 ## - MAIN ENTRY--PERSONAL NAME | |
| Personal name | Cheng, Helena |
| 245 ## - TITLE STATEMENT | |
| Title | Top science examination papers 3 |
| 260 ## - PUBLICATION, DISTRIBUTION, ETC. (IMPRINT) | |
| Place of publication, distribution, etc | Singapore : |
| Name of publisher, distributor, etc | Educational Publishing House Ltd |
| Date of publication, distribution, etc | 2012 |
| 300 ## - PHYSICAL DESCRIPTION | |
| Extent | 160 pages., |
| Other physical details | ill., |
| Dimensions | 28 cm. |
| 942 ## - ADDED ENTRY ELEMENTS (KOHA) | |
| Source of classification or shelving scheme | Library of Congress Classification |
| Koha item type | Books |
| Withdrawn status | Lost status | Source of classification or shelving scheme | Damaged status | Home library | Current library | Shelving location | Date acquired | Source of acquisition | Sub Shelving location | Total Checkouts | Total Renewals | Full call number | Barcode | Date last seen | Date checked out | Price effective from | Koha item type |
|---|---|---|---|---|---|---|---|---|---|---|---|---|---|---|---|---|---|
| Library of Congress Classification | Luxembourg Library | Luxembourg Library | Teachers Reference Section | 05/10/2016 | Donation | 1 | 1 | Q 4357 .C518p4 2012 | 19648 | 12/14/2017 | 06/05/2017 | 05/10/2016 | Books |